One Direction - Wszystkie piosenki - Statystyki

Ogólne statystyki
  • Ten quiz został rozwiązany 1 076 razy
  • Średni wynik to 37 z 91
Statystyki odpowiedzi
Tytuł piosenki % Poprawnych
What Makes You Beautiful
88%
Drag Me Down
79%
Best Song Ever
75%
Night Changes
75%
Kiss You
73%
Midnight Memories
73%
Story of My Life
72%
You & I
69%
History
68%
Little Things
65%
Perfect
65%
Steal My Girl
65%
Diana
63%
Olivia
63%
18
62%
One Thing
61%
Live While We're Young
58%
Gotta Be You
57%
A.M.
56%
No Control
56%
I Want
54%
Little Black Dress
54%
Rock Me
54%
One Way or Another
53%
Up All Night
52%
Wolves
50%
Clouds
49%
I Would
48%
Stockholm Syndrome
47%
Right Now
46%
They Don't Know About Us
45%
Infinity
44%
Fireproof
43%
Strong
43%
Where Do Broken Hearts Go
43%
I Wish
42%
Little White Lies
42%
Happily
41%
If I Could Fly
41%
Na Na Na
41%
Act My Age
39%
Alive
39%
C'mon, C'mon
39%
Over Again
38%
Moments
37%
Summer Love
37%
Hey Angel
36%
Home
36%
Last First Kiss
36%
Love You Goodbye
36%
More Than This
36%
Don't Forget Where You Belong
35%
Girl Almighty
35%
End of the Day
34%
Stole My Heart
33%
Taken
33%
Change Your Ticket
32%
I Want to Write You a Song
32%
Spaces
32%
Magic
31%
Ready to Run
31%
Another World
30%
Walking in the Wind
30%
Temporary Fix
29%
Through the Dark
29%
Change My Mind
28%
Does He Know
28%
Heart Attack
28%
Half a Heart
27%
Never Enough
27%
She's Not Afraid
26%
Back For You
25%
Illusion
25%
What a Feeling
25%
Long Way Down
23%
Everything About You
22%
Same Mistakes
22%
Save You Tonight
22%
Something Great
22%
Stand Up
22%
Loved You First
21%
Tell Me a Lie
21%
Why Don't We Go There
21%
Irresistible
20%
Nobody Compares
20%
Still The One
20%
Truly Madly Deeply
20%
I Should Have Kissed You
19%
Once in a Lifetime
18%
Better Than Worlds
11%
Fool's Good
10%
Nie znaleziono quizów pasujących do podanych kryteriów
Rozkład punktacji
Procent ludzi z każdym wynikiem
Percentyl według liczby udzielonych odpowiedzi
Twoja historia wyników
Nie rozwiązałeś tego quizu